| 000 | 00530nam a22001937a 4500 | ||
|---|---|---|---|
| 003 | SISC | ||
| 005 | 20160315141446.0 | ||
| 008 | 130904t xxu||||| |||| 00| 0 eng d | ||
| 020 | _a0716020645 | ||
| 050 |
_aNC 710 _b.L757 1996 |
||
| 082 |
_aHS 704.94 _bL64 1996 |
||
| 100 |
_aLinley, Mark _912672 |
||
| 245 |
_aAnyone can draw : _bit's child play / _cMark Linley. |
||
| 260 |
_aU.K : _bRight way books, _cc1996. |
||
| 300 |
_a126 p. : _bill. ; _c20 cm. |
||
| 650 |
_aDrawing. _915957 |
||
| 942 |
_2lcc _cBK |
||
| 999 |
_c10334 _d10334 |
||